| 000 -LEADER |
| fixed length control field |
00561nam a22001697a 4500 |
| 008 - FIXED-LENGTH DATA ELEMENTS--GENERAL INFORMATION |
| fixed length control field |
201209b ||||| |||| 00| 0 eng d |
| 040 ## - CATALOGING SOURCE |
| Original cataloging agency |
BMS College of Architecture |
| 100 ## - MAIN ENTRY--PERSONAL NAME |
| Personal name |
Reddy, N Harshitha |
| 245 ## - TITLE STATEMENT |
| Title |
Tata institute of social sciences Hyderabad |
| 300 ## - PHYSICAL DESCRIPTION |
| Extent |
iii,55p. |
| 500 ## - GENERAL NOTE |
| General note |
1BM12AT045 |
| 502 ## - DISSERTATION NOTE |
| Degree type |
B,Arch |
| Name of granting institution |
BMS College of Architecture, Visvesvaraya Technological University (VTU) |
| Dissertation note |
Project report |
| Year degree granted |
2016 |
| 650 ## - SUBJECT ADDED ENTRY--TOPICAL TERM |
| Topical term or geographic name as entry element |
Social Science |
| 700 ## - ADDED ENTRY--PERSONAL NAME |
| Personal name |
Sowmya Muralidhar |
| Relator term |
Guide |
| 700 ## - ADDED ENTRY--PERSONAL NAME |
| Personal name |
Srikanth Chandrashekar |
| Relator term |
Guide |
| 942 ## - ADDED ENTRY ELEMENTS (KOHA) |
| Source of classification or shelving scheme |
|
| Koha item type |
UG-Thesis and Dissertations |